[Event "FIDE World Cup"]
[Site "Khanty-Mansiysk"]
[Date "2005.11.29"]
[Round "1.3"]
[White "Navara, David"]
[Black "Nikolic, Predrag"]
[Result "1/2-1/2"]
[WhiteElo "2646"]
[BlackElo "2584"]
[Annotator "Roiz,M"]
[PlyCount "59"]
[EventDate "2005.11.27"]
[EventType "k.o."]
[EventRounds "7"]
[EventCountry "RUS"]
[SourceTitle "CBM 111"]
[Source "ChessBase"]
[SourceDate "2006.04.04"]
[SourceVersion "1"]
[SourceVersionDate "2006.04.04"]
[SourceQuality "1"]

1. d4 f5 2. g3 Nf6 3. Bg2 g6 4. Nf3 Bg7 5. O-O O-O 6. b3 {White avoids the
main theoretical lines of the Leningrad system and chooses a quiet option.} d6
7. Bb2 a5 {Preventing white from seizing a lot of queen-side space by b3-b4
advancement and intending to put the knight on a6.} ({Here black had a large
choice of possibilities:} 7... c6) (7... Ne4) (7... Qe8) 8. c4 {Without that
natural move white can hardly fight for the opening advantage.} Na6 {I don't
like that move, as it's still not clear there the Nb8 will be placed better.} (
{I would prefer:} 8... Qe8) ({or} 8... c6) 9. Nc3 {The most active way of
development - the Nc3 is usually placed better than on d2. However, now it's
easier for black to realize the main idea of this system: to push e7-e5.} (9.
Nbd2 c6 10. Qc2 Nc7 11. Rad1 Bd7 12. e4 (12. a4 $5) 12... fxe4 13. Nxe4 Nxe4
14. Qxe4 a4 $132 {0-1 Kustar,S-Hoang Thanh Trang/Budapest 2003/CBM 093 ext (31)
}) 9... Qe8 {That standard manoevre is typical for this system - black is
ready for the e7-e5 advancement.} 10. e4 $1 $146 {In my opinion, this is an
important novelty. White is trying to exploit some development advantage by
energetical play.} ({Nothing special promises:} 10. d5 Bd7 11. Nd4 Nc5 12. a3
c6 13. b4 Nce4 14. Qd3 Qf7 15. Nb3 $6 (15. dxc6 bxc6 16. b5 cxb5 17. cxb5 Rac8
$132) 15... axb4 16. axb4 cxd5 17. cxd5 Nxd5 18. Rxa8 Rxa8 $15 {1/2-1/2 Firt,
S-Salai,L/Brno 1990/EXT 97 (46)}) 10... e5 {Accepting the challenge.} ({After} 
10... fxe4 11. Ng5 Bf5 12. Ngxe4 Nxe4 13. Nxe4 $14) ({or} 10... Nxe4 11. Nxe4
fxe4 12. Ng5 $14 {white would have a small but permanent strategical advantage.
}) 11. Re1 ({Nothing promises:} 11. exf5 gxf5 12. dxe5 dxe5 13. Nd5 e4 $11)
11... f4 {It's important to close the ''e'' file.} 12. dxe5 $6 {This natural
move seems to be inaccurate.} ({After the correct} 12. gxf4 $1 {white could
cause black real problems. For example:} exd4 (12... exf4 13. e5 dxe5 14. Nxe5
$16) (12... Nh5 13. fxe5 dxe5 14. Nxe5 Nf4 15. Nd5 Nxg2 16. Kxg2 $16) 13. Nxd4
Nh5 {[%tqu "En","Please,find the best move","","","d4f5","(that tactical
resourse is very important)",10]} 14. Nf5 $1 {(that tactical resourse is very
important)} gxf5 ({after} 14... Nxf4 15. Nxg7 Qe5 16. Nf5 gxf5 17. Qd2 $40 {
[%csl Rg8] black's king becomes extremely compromised.}) 15. exf5 Qd7 16. Qxh5
Nc5 17. Rad1 $16) 12... dxe5 13. gxf4 $2 {Mistakes are rarely come alone!
After this tackle black gets a nice counterplay along the 'f' file.} ({At the
same time, after} 13. Nd5 fxg3 14. fxg3 $36 {it would be difficult for black
to consolidate. For instance,} Nd7 $140 15. Ba3 $16) 13... Nh5 $1 {Suddenly
black's pieces become very active.} 14. fxe5 (14. Ne2 Bg4 (14... Nxf4 15. Nxf4
exf4 (15... Rxf4 16. Bxe5 Bxe5 17. Qd5+ $16) 16. Bxg7 Kxg7 17. Qd4+ Kh6 18. c5
$36 {[%csl Rh6]}) 15. Qd5+ Kh8 16. Bxe5 Bxe5 17. Qxe5+ Qxe5 18. Nxe5 Bxe2 19.
Rxe2 Nxf4 20. Rd2 Rfe8 21. Nd7 Nxg2 22. Kxg2 Rxe4 $11) (14. Nd5 Bg4 15. Bxe5
Bxe5 16. fxe5 c6 17. Nf6+ Nxf6 18. exf6 Rxf6 $44) 14... Bg4 {The pin is very
unpleasant.} 15. Nd5 c6 ({Good enough was also:} 15... Rd8 $5 16. Qe2 c6 17.
Nf6+ Nxf6 18. exf6 Bxf6 19. Bxf6 Rxf6 $44) 16. Nf6+ {White is trying to
simplify the position somehow. However, black's compensation remains obvious.}
Nxf6 17. exf6 Bxf6 18. Bxf6 {After that exchange the weakness of the dark
squares in white's camp becomes significant.} ({On the other hand,} 18. e5 Bg7
19. Qe2 Rd8 (19... Nc7 {[%cal Gc7e6]} 20. Qe4 Bh5 21. Nd4) 20. h3 Bh5 21. Rad1
Rxd1 22. Rxd1 Nc7 $44 {also gives black a nice play.}) 18... Rxf6 19. Qd3 ({
Premature would be} 19. e5 $6 Rf5 20. Qd3 Qe7 21. Qc3 Re8 {and it's white who
has to fight for equality.}) 19... Bxf3 20. Bxf3 (20. e5 Rf5 21. Bxf3 Rxe5 22.
Qc3 Rxe1+ 23. Rxe1 Qf7 24. Re3 $14) 20... Qe5 $44 {Now black has a full
compensation for a pawn due to control of the dark squares.} 21. Bg2 Nb4 ({
Deserved attention also} 21... Nc5 $5 22. Qg3 Rf4 23. Rad1 Raf8 {and although
white is still a pawn up, black's play is much easier.}) 22. Qe2 (22. Qg3 Rf4 (
{dubious would be} 22... Qxg3 $6 23. fxg3 Nc2 24. Rf1 $14) 23. Rad1 {[%cal
Cb4a2,Gd1d7]} Na6 $1 $44 {and black prevents the penetration of Rd1.}) 22...
Raf8 23. f3 Rd8 ({The plan of provoking the h2-h3 advancement doesn't promise
black anything special:} 23... Rf4 24. Rad1 Rh4 $6 25. h3 Rhf4 26. Qd2 $14) 24.
Rad1 Rfd6 25. Rxd6 Rxd6 {[%cal Gb4d3,Gd3f4]} ({Interesting would be also:} 
25... Qxd6 26. Bf1 ({The endgame is clearly in black's favoure:} 26. e5 Qd4+
27. Qe3 (27. Kf1 Qf4 28. e6 Rd2 29. Qe3 Qxe3 30. Rxe3 Kf8 $15) 27... Qxe3+ 28.
Rxe3 Nxa2 $15) 26... Qd2 $132 {and black is at least not worse.}) 26. Rd1 {
White has to swap the rooks in order to get a sufficient counterplay. The
extra pawn is not significant here.} Qc5+ ({After} 26... Rxd1+ 27. Qxd1 Nxa2
28. Qd2 ({Inaccurate would be} 28. Qd7 $6 Nc3 29. Qc8+ Kg7 30. Qxb7+ Kh6 $36 {
[%csl Rg1] and white faces a real problems,since his king is extremely weak.})
28... Nb4 29. f4 Qc5+ 30. Kf1 $11 {white's counterplay should be sufficient
for a draw.}) 27. Kf1 Rxd1+ 28. Qxd1 Qe3 {Now white's king is in a real danger,
so the perpetual check is practically forced.} 29. Qd8+ Kg7 30. Qe7+ 1/2-1/2

[Event "FRA-ch"]
[Site "Aix les Bains"]
[Date "2003.08.28"]
[Round "10"]
[White "Dorfman, Josif D"]
[Black "Bauer, Christian"]
[Result "1/2-1/2"]
[WhiteElo "2607"]
[BlackElo "2589"]
[Annotator "Roiz,M"]
[PlyCount "62"]
[EventDate "2003.08.18"]
[EventType "tourn"]
[EventRounds "11"]
[EventCountry "FRA"]
[EventCategory "13"]
[SourceTitle "CBM 097"]
[Source "ChessBase"]
[SourceDate "2003.11.11"]
[SourceVersion "1"]
[SourceVersionDate "2003.11.11"]
[SourceQuality "1"]

1. d4 f5 2. g3 Nf6 3. Bg2 g6 4. c4 Bg7 5. Nc3 O-O 6. Nf3 d6 7. O-O Qe8 8. d5 a5
({Another popular continuation is:} 8... Na6) (8... c5 $6 9. Qc2 Na6 10. Bd2 h6
11. a3 Qf7 12. Rad1 Bd7 13. Qc1 $1 Kh7 14. Qb1 Nc7 15. e4 fxe4 16. Nxe4 Nxe4
17. Qxe4 Bf5 18. Qh4 $36 {0-1 Hodgson,J-Conquest,S/Hastings 9596 1996}) 9. e4 {
Quite a rare,but very logical continuation.White is trying to show that Qe8 is
not so comfortable.} ({The most popular continuation is:} 9. Nd4) ({also
possible is:} 9. Be3) ({and} 9. Ne1 $5 {[%cal Ge1d3]}) 9... fxe4 10. Ng5 Bg4 (
10... Na6 11. Ngxe4 Nxe4 12. Nxe4 b5 (12... Bf5 $5 13. Re1 Qd7 14. Ng5 Nc5 15.
Ne6 Bxe6 16. dxe6 Qa4 17. Qxa4 Nxa4 $13) 13. Re1 h6 14. Be3 Bd7 15. Qd2 Kh7 16.
Bd4 $14 {1-0 Comas Fabrego,L-De la Riva Aguado,O/ESP-ch Torrevieja 1997}) 11.
Qe1 $146 (11. Qb3 $5 Qc8 12. Ncxe4 Nxe4 13. Nxe4 Nd7 (13... a4 14. Qe3 $1 a3
15. Rb1 axb2 16. Bxb2 $36) 14. Bg5 Rf7 15. Bd2 $6 (15. Rae1 $142 a4 16. Qc2 Bf5
17. Qe2 $14) 15... a4 16. Qc2 a3 17. Bc3 Bxc3 18. Qxc3 axb2 19. Qxb2 Ne5 $15 {
0-1 Mohebbi,J-Glek,I/Paris-ch 2000}) 11... Na6 12. Ncxe4 Nb4 $6 {That is just
a loss of time.} (12... a4 13. Nxf6+ Bxf6 14. h3 Bd7 15. Ne6 Bxe6 16. Qxe6+ (
16. dxe6 Nc5 17. Bh6 Bxb2 $1 18. Rb1 a3 $1 (18... Bg7 19. Bxg7 Kxg7 20. Bxb7
Rb8 21. Qc3+ Kg8 22. Bg2 $14) 19. Bxf8 Qxf8 $13) 16... Qf7 $13) 13. h3 $1 {
That is the point! White can easily neutralize black's activity.} (13. Nxf6+ $2
exf6 $1 14. Qxe8 Raxe8 15. Ne6 Bxe6 16. dxe6 c6 $15) (13. Qd2 Nxe4 14. Nxe4 b5
15. a3 Na6 $132) 13... Bf5 (13... Nc2 $2 14. Qd2 Nxa1 15. hxg4 Nxg4 16. Qe2 $16
{[%cal Gc1e3]}) 14. Qe2 c6 15. g4 (15. Ne6 Nxe4 (15... Bxe6 16. Nxf6+ Rxf6 17.
dxe6 $36) 16. Nxf8 (16. Nxg7 Kxg7 17. Bxe4 Bxh3 18. Re1 Qf7 $1 19. dxc6 Nxc6
20. Bxc6 bxc6 21. Qxe7 Ra7 $11) 16... Nc5 17. Ne6 Nxe6 18. dxe6 Bd3 19. Qd1
Bxc4 $1 (19... Bxf1 20. Bxf1 $14 {[%cal Gh3h5,Gh3h4]}) 20. Re1 $13) 15... Bd7
$6 {[%mdl 16384] Black is a defending side with less space,so he should try to
change the pieces.} (15... Nxe4 16. Nxe4 (16. Bxe4 Bd7) 16... Bd7 17. Ng5 $14)
16. Nc3 $1 {[%cal Gf1e1] That strong strategical move increases white's
advantage.} (16. Ne6 Bxe6 17. dxe6 Nxe4 18. Bxe4 d5 $1 19. Bg2 (19. cxd5 Nxd5
20. f4 Qb8 $1 $132) 19... dxc4 20. Qxc4 Rd8 $132) (16. Re1 Nxe4 17. Qxe4 cxd5
18. cxd5 Rc8 $1 $36 {[%cal Gb4c2]}) (16. a3 $5 Na6 17. Re1 Nxe4 18. Nxe4 (18.
Qxe4 Nc5 19. Qxe7 Qxe7 20. Rxe7 Rae8 $44) 18... cxd5 19. cxd5 Rc8 20. Be3 $14)
16... h6 17. dxc6 (17. Ne6 $5 Bxe6 18. dxe6 Na6 19. f4 Nc5 20. Bd2 $16 {
[%cal Ga1e1]}) 17... bxc6 (17... Nxc6 18. Ne6 Bxe6 19. Qxe6+ Kh7 20. Qe2 $16)
18. Ne6 Bxe6 19. Qxe6+ Kh7 20. Qe2 $16 {White has a clear advantage due to
pair of bishops and better pawn structure.} Rb8 21. Be3 Na6 {Now it is clear,
that 12...Nb4 was a wrong idea.} 22. Rac1 {[%cal Gb2b3] White is not in a
hurry! He wants to set-up a stable pawn structure on the queen side by b2-b3.}
({another possible contrinuation was:} 22. Rae1 Nc7 23. f4 e6 24. Ba7 Rb7 25.
Bd4 $16 {and all white's pieces are in the ideal places.}) 22... Nc7 23. b3 c5
24. f4 {[%cal Gf4f5]} e6 {Black has a lot of weaknesses,and his knights have
no outposts.} (24... Ne6 $6 25. Nb5 $1 {[%csl Rd4][%cal Yb5d4]} Nd7 26. Rce1
$18 {[%csl Re6,Re7][%cal Gf4f5]}) 25. Qd3 (25. Rcd1 $5 Qe7 26. f5 exf5 27. gxf5
g5 28. Bf2 Qxe2 29. Nxe2 a4 30. Rxd6 axb3 31. axb3 Rxb3 32. Rc6 $16 (32. Bxc5
$16)) 25... Qe7 26. Na4 $6 {[%csl Ra5][%cal Gd3d2] Trying to win the pawn on
a5.That move is not a serious mistake,but as it usually happens,one mistake
can lead to another one.White should play on the king side because black's
king is not safe.} (26. f5 exf5 (26... gxf5 27. gxf5 e5 28. Rcd1 Rb6 29. Ne4
Nxe4 30. Qxe4 $16) 27. gxf5 g5 28. Rce1 Qd7 29. Bd2 $16 {[%cal Ge1e6]}) 26...
Na6 27. Qd2 Nb4 28. Rfe1 ({White could avoid activization of black's knight:} 
28. a3 Na6 29. Rb1 Qc7 (29... d5 $2 30. Qxa5 d4 31. Bd2 Qd6 32. b4 $18) 30. Nc3
$16) 28... Qc7 {[%cal Gb4c6]} 29. Bf2 Rfe8 30. Bf3 $6 {After that ''accurate''
move black gets a great opportunity to reach a visible counterplay.} Nc6 31.
Qd3 (31. Nc3 Nd4 32. Bg2 (32. Bxd4 $6 cxd4 33. Nb5 Qc5 $132) 32... Nd7 33. Ne2
e5 34. Nc3 $14) 31... Nd4 {[%mdl 2096] Here the draw was agreed.White is still
better,so the agreement can be discussed.} (31... Nd4 32. Bg2 Qf7 33. Nc3 Nd7
34. Be3 $14) 1/2-1/2

[Event "Reggio Emilia-A 9192 34th"]
[Site "Reggio Emilia"]
[Date "1992.??.??"]
[Round "9"]
[White "Salov, Valery"]
[Black "Gurevich, Mikhail"]
[Result "1-0"]
[WhiteElo "2665"]
[BlackElo "2630"]
[Annotator "Salov,V"]
[PlyCount "59"]
[EventDate "1991.12.??"]
[EventType "tourn"]
[EventRounds "9"]
[EventCountry "ITA"]
[EventCategory "18"]
[SourceTitle "CBM 027"]
[Source "ChessBase"]
[SourceDate "1992.04.01"]
[SourceVersion "1"]
[SourceVersionDate "1992.04.01"]
[SourceQuality "1"]

1. d4 {Hansen,Cu} d6 2. Nf3 g6 3. g3 Bg7 4. Bg2 f5 5. O-O Nf6 6. c4 O-O 7. Nc3
Qe8 8. d5 Na6 9. Rb1 e5 {N} (9... c5 10. dxc6 bxc6 11. b4 Bd7 12. a3 Nc7 13.
Bb2 Kh8 14. c5 $1 $14 {Nikolic-Gurevich,Manila(izt)1990}) (9... Bd7 10. b4 c5
11. dxc6 Bxc6 12. b5 Bxf3 13. Bxf3 Nc5 14. Be3 $14 {Gelfand-Gurevich,Linares
1991}) (9... Bd7 {Hansen,Cu}) (9... h6 {Hansen,Cu}) (9... c6 {Hansen,Cu}) 10.
dxe6 Bxe6 11. Nd4 c6 $6 (11... Nc5 $14) 12. b4 $1 $16 (12. Nxe6 {Hansen,Cu}
Qxe6 13. b3 Rad8 14. Ba3 Rfe8 15. Qc2 Nc7 16. Rbe1 d5 $10 {Horvath,Jo-Santo
Roman Novi Sad OL 1990}) 12... Bxc4 $6 {Too risky. Probably Black ought to
have tried more prudent 12...Ne4.} (12... Ne4 13. Nxe4 fxe4 14. Nxe6 Qxe6 15.
Qc2 Rfe8 16. Be3 Nc7 17. Rfd1 $16) 13. b5 $1 cxb5 14. Ndxb5 Rd8 15. Ba3 {
Does not spoil anything yet, but 15.Nd6! looks like straightforward win.} (15.
Nxd6 $1 Qe6 16. Ba3 Ne4 17. Ncxe4 fxe4 18. Qc2 $1 $18 {In the post-mortem
together with Mikhail we discovered the following beautiful line: 18...Bd5 19.
Ne4 Rfe8 20.Ng5! Qe2 21.Bd5+ Rd5 22.Rbe1!! Qe1 23.Re1 Re1 24 Kg2 Rg5 25.Qc4+!
Kh8 26.Qc8+ and mate in two moves.}) 15... d5 $1 16. Nd6 $1 (16. Bxf8 {Hansen,
Cu} Qxf8 $14) 16... Qe5 17. Nxc4 dxc4 (17... Qxc3 $2 18. Rc1 $1 $18) 18. Qc2
Nc5 19. Bxc5 $4 {White just forgets that the Bishops are stronger than the
Knights!} (19. Na4 $1 b6 20. Nxc5 bxc5 21. Qxc4+ $18) 19... Qxc5 20. Rb5 Qd6 $1
21. Rxb7 Kh8 $1 22. Nb5 $2 Qc5 $1 23. a4 a6 24. Nc3 (24. Rc7 $4 Qe5 $1 $19)
24... Ng4 25. h3 Ne3 (25... Ne5 $5) 26. fxe3 Qxe3+ 27. Kh2 f4 $4 {Black
returns the favour. Instead 27...Qc3 would have been a simple draw.} (27...
Qxc3 $1 28. Qxc3 Bxc3 29. Rc1 Be5 30. Rxc4 f4 31. Bf3 fxg3+ 32. Kg2 $10) 28.
Rf3 $1 fxg3+ 29. Rxg3 Be5 (29... Qxg3+ 30. Kxg3 Be5+ 31. Kg4 Rf4+ 32. Kg5 $18)
30. Rxh7+ $1 1-0

[Event "Amsterdam Euwe Memorial"]
[Site "Amsterdam"]
[Date "1991.??.??"]
[Round "4"]
[White "Karpov, Anatoly"]
[Black "Gurevich, Mikhail"]
[Result "1-0"]
[WhiteElo "2725"]
[BlackElo "2650"]
[Annotator "Salov,V"]
[PlyCount "93"]
[EventDate "1991.05.??"]
[EventType "tourn"]
[EventRounds "9"]
[EventCountry "NED"]
[EventCategory "16"]
[SourceTitle "CBM 023"]
[Source "ChessBase"]
[SourceDate "1991.08.01"]
[SourceVersion "1"]
[SourceVersionDate "1991.08.01"]
[SourceQuality "1"]

1. d4 f5 2. g3 Nf6 3. Bg2 d6 4. Nf3 g6 5. O-O Bg7 6. c4 O-O 7. Nc3 Qe8 8. Qb3
c6 9. d5 Na6 10. Be3 Ng4 11. Bf4 (11. Bd4 e5 12. dxe6 Ne5 $1 13. Rad1 Qxe6 14.
Na4 Qxc4 15. Qxc4+ Nxc4 16. Bxg7 Kxg7 17. b3 Nb6 18. Rxd6 Nxa4 19. bxa4 Nc5 $15
{Karpov-Gurevich,Reggio Emilia 1989}) 11... Nc5 12. Qc2 h6 13. h3 (13. Rad1 g5
14. Bc1 Ne4 $1 $36) 13... e5 $1 14. dxe6 Ne5 15. Rad1 Nxe6 16. Rxd6 Nxc4 17.
Rd3 Nxf4 (17... Nc5 $4 18. Na4 $1 $18) 18. gxf4 Be6 19. Rfd1 Qe7 20. b3 Nb6 21.
Qd2 Kh7 22. Ne5 Bf6 {I don't quite understand the idea behind this move; 22...
Rae8 seems more natu- ral when 23.Rg3 is efficiently parried by 23...Be5 24.
fe5 f4!} 23. Qe3 Rae8 24. Na4 $5 {Remarkable decision! White has a couple of
dead pieces, so he tries to swop at least one of them.} Nd5 (24... Nxa4 25.
bxa4 Bxe5 26. Qxe5 Bc8 27. Qxe7+ Rxe7 $10) 25. Bxd5 (25. Qxa7 Bxe5 26. fxe5 Nf4
$1 {is rather scary}) 25... Bxd5 26. Nc3 g5 $4 {black-out! after 26...Be5 27.
fe5 Qe5 the draw offer would have been quite expe dient.} 27. Nxd5 cxd5 28.
Rxd5 gxf4 29. Qd3 $1 Bg7 (29... Qg7+ 30. Ng4 $1 $16) 30. Kf1 Qg5 (30... Qh4 31.
Nd7 Rf7 32. Rxf5 Rxd7 33. Rd5+ $18) 31. Nf3 Qh5 32. Kg2 Qg6+ 33. Kh2 Qe6 34.
Rd2 Rf7 35. Qc4 Qb6 36. Qc5 Qxc5 37. Rxc5 Rfe7 38. Rcc2 b5 39. Nh4 $1 {Black
would like to push b5-b4 and then invade with his bishop, but he never gets a
chance.} Re5 40. Kg2 Bf6 41. Nf3 R5e6 42. Ne1 $1 {Karpov at his best!} a5 (
42... b4 43. Nd3 Bc3 44. Nxf4 $18) 43. Kf3 $18 a4 44. Rd7+ R8e7 45. Rxe7+ Rxe7
46. Nd3 axb3 47. axb3 1-0

[Event "Brno"]
[Site "Brno"]
[Date "1993.??.??"]
[Round "2"]
[White "Schlosser, Philipp"]
[Black "Malaniuk, Vladimir P"]
[Result "1/2-1/2"]
[WhiteElo "2550"]
[BlackElo "2635"]
[Annotator "Schussler,H"]
[PlyCount "47"]
[EventDate "1993.08.??"]
[EventType "tourn"]
[EventRounds "9"]
[EventCountry "CZE"]
[EventCategory "13"]
[SourceTitle "CBM 037"]
[Source "ChessBase"]
[SourceDate "1993.12.01"]
[SourceVersion "1"]
[SourceVersionDate "1993.12.01"]
[SourceQuality "1"]

1. Nf3 f5 2. g3 Nf6 3. Bg2 g6 4. d4 Bg7 5. O-O O-O 6. c4 d6 7. Nc3 Qe8 8. d5
Na6 9. Rb1 c5 (9... Bd7 10. b4 c6 11. dxc6 Bxc6 12. b5 (12. Qb3 $5 Ne4 13. Bb2
Nxc3 14. Bxc3 Bxc3 15. Qxc3 Rc8 16. Rbc1 Rf6 17. a3 {+/=/= Illescas Cordoba,
M-Topalov,V, Leon 1993}) 12... Bxf3 13. Bxf3 Nc5 14. Be3 Rc8 15. Na4 $14 {
Hertneck,G-Lutz,C, Baden Baden 1992}) 10. dxc6 bxc6 11. b4 Bd7 (11... Bb7 12.
Nd4 $14) 12. a3 $5 (12. b5 cxb5 (12... Nc5 13. Nd4 Nfe4 (13... cxb5 $6 14. Bxa8
Qxa8 15. Ndxb5 {+/=/+/- Piket,J-Gurevich,M, Groningen 1992}) 14. Nxe4 Nxe4 15.
bxc6 Bxc6 16. Ne6 $16) 13. cxb5 Nc5 14. a4 Nfe4 (14... Rc8 15. Bb2 a6 $1 16.
Nd4 axb5 17. axb5 Nfe4 18. Nxe4 fxe4 19. Nb3 Bxb5 $10 {Greenfeld,A-Malaniuk,V,
Pardubice 1993}) 15. Nxe4 Nxe4 16. Bb2 Bxb2 17. Rxb2 Rb8 18. Nd2 Nc5 19. Nc4
$14 {Alterman,B-Malaniuk,V, Pardubice 1993}) 12... Nc7 13. Bb2 Rb8 {13. - a5!?}
14. c5 dxc5 15. bxc5 Ne4 $10 16. Nxe4 Bxb2 17. Neg5 Nd5 18. Ne5 e6 19. Nxd7
Qxd7 20. e4 $5 fxe4 21. Bh3 Qe7 22. Bxe6+ Kh8 23. Bxd5 Qxg5 24. Bxe4 1/2-1/2

[Event "Budapest FS10 GM"]
[Site "Budapest"]
[Date "1993.??.??"]
[Round "5"]
[White "Lukacs, Peter"]
[Black "Dao, Thien Hai"]
[Result "1/2-1/2"]
[WhiteElo "2485"]
[BlackElo "2565"]
[Annotator "Schussler,H"]
[PlyCount "69"]
[EventDate "1993.10.??"]
[EventType "tourn"]
[EventRounds "11"]
[EventCountry "HUN"]
[EventCategory "9"]
[SourceTitle "CBM 038"]
[Source "ChessBase"]
[SourceDate "1994.02.01"]
[SourceVersion "1"]
[SourceVersionDate "1994.02.01"]
[SourceQuality "1"]

1. d4 f5 2. g3 Nf6 3. Bg2 g6 4. c4 Bg7 5. Nc3 O-O 6. Nf3 d6 7. O-O Qe8 8. d5 (
8. b3 e5 (8... Nc6 9. d5 Ne4 $5 10. Nb5 $1 Qd7 11. dxc6 bxc6 12. Nbd4 c5 13.
Nc2 $16 {Renet,O-Jakubiec,A, EU-cup, Clichy 1993}) 9. dxe5 dxe5 10. e4 Nc6 11.
Nd5 Qd7 $1 (11... fxe4 12. Ng5 Nxd5 13. cxd5 Nd4 14. Nxe4 $14) (11... Nxd5 12.
cxd5 fxe4 13. Ng5 Nd4 14. Nxe4 $14 {Balaschow,Y-Wyschmanawin,A, Irkutsk 1986})
(11... Rf7 12. Ng5 Rd7 13. exf5 gxf5 14. Bb2 $14 {Balaschow,Y-Yrjölä,j,
Woronesch 1987}) 12. exf5 e4 $1 13. Ng5 gxf5 14. Ba3 (14. Bf4 h6 15. Nh3 Nxd5
16. cxd5 Ne7 17. Qh5 Qe8 $10 {Schabalow-Malanjuk, Moskau 1989}) (14. Be3 $5
Nxd5 {14. - Rd8!?} 15. cxd5 Bxa1 16. Qxa1 Qxd5 17. Rd1 Qe5 18. Qc1 $13 {
(Nesis,G)}) 14... Rd8 15. Nb4 Qe8 $1 $17 {Avrukh,B-Dao Thien Hai, Budapest Exp
FS 1993}) 8... a5 (8... Na6 9. Rb1 c6 10. dxc6 bxc6 11. b4 Bd7 12. a3 Nc7 13.
a4 $5 (13. Bb2 Kh8 14. c5 dxc5 15. bxc5 Ng4 16. Na4 Bxb2 17. Nxb2 e5 18. h3 Nf6
19. Qd6 Nb5 20. Qxe5 Nxa3 21. Ra1 Nb5 22. Ra6 $14 {Nikolich,P-Gurewich,M,
Manila 1990}) 13... Rb8 14. b5 Ne6 15. e3 $5 c5 16. Bb2 $14 {Tunik,G-Galdunts,
S,Voskresensk 1993}) 9. Nd4 {9.Be3, 9.Rb1} Na6 10. e4 fxe4 11. Nxe4 Nxe4 12.
Bxe4 Bh3 13. Bg2 Bxg2 14. Kxg2 Nc5 15. Re1 Qf7 16. Be3 c6 {16. - e6} 17. Nf3
Bxb2 18. Rb1 Bc3 19. Rf1 Bf6 {Prevents 21.Bxc5 and 22.Ng5.} 20. Bxc5 dxc5 21.
dxc6 bxc6 22. Qe2 $10 Rab8 23. Rfc1 Bd4 24. Rxb8 Rxb8 25. Nxd4 $6 cxd4 26. Qe5
Rd8 27. Qxa5 Rf8 28. Qd2 Qf3+ 29. Kg1 e5 30. a4 Qa3 31. a5 Ra8 32. Rb1 Qxa5 33.
Rb8+ Kf7 34. Rb7+ Kg8 35. Rb8+ 1/2-1/2

[Event "Lvov zt"]
[Site "Lvov"]
[Date "1990.??.??"]
[Round "?"]
[White "Tukmakov, Vladimir B"]
[Black "Malaniuk, Vladimir P"]
[Result "0-1"]
[WhiteElo "2570"]
[BlackElo "2505"]
[Annotator "Schussler,H"]
[PlyCount "67"]
[EventDate "1990.02.??"]
[EventType "swiss"]
[EventRounds "9"]
[EventCountry "URS"]
[SourceTitle "CBM 018"]
[Source "ChessBase"]
[SourceDate "1990.10.01"]
[SourceVersion "1"]
[SourceVersionDate "1990.10.01"]
[SourceQuality "1"]

1. d4 f5 2. g3 Nf6 3. Bg2 d6 4. Nf3 g6 5. b3 Bg7 6. Bb2 O-O 7. O-O Qe8 8. c4
Na6 9. d5 c5 10. Nc3 h6 11. Ne1 g5 12. Nd3 Qg6 13. Qd2 Bd7 14. f4 Ng4 15. Nf2
Bd4 16. Ncd1 Qh5 17. h3 Nxf2 18. Nxf2 Bxb2 19. Qxb2 gxf4 20. gxf4 Kh7 21. e4
Rg8 22. e5 Rg7 23. Kh1 Rag8 24. Rg1 Qh4 25. Qd2 Rg3 26. Rae1 Be8 27. exd6 exd6
28. Kh2 Bh5 29. Nh1 R3g7 30. Qf2 Qxf2 31. Nxf2 Nb4 32. a4 Nc2 33. Re6 Nd4 34.
Rxd6 {34.-Ne2-+} 0-1